[Event "ESP-ch 88th"]
[Site "Marbella"]
[Date "2023.10.15"]
[Round "3"]
[White "Vega Gutierrez, Sabrina Neide"]
[Black "Gines Esteo, Pedro Antonio"]
[Result "0-1"]
[WhiteElo "2377"]
[BlackElo "2490"]
[PlyCount "108"]
[EventDate "2023.10.13"]
[EventType "swiss"]
[EventRounds "9"]
[EventCountry "ESP"]
[SourceTitle "Mega2024 Update 01"]
[Source "Chessbase"]
[SourceDate "2023.11.12"]
[SourceVersion "1"]
[SourceVersionDate "2023.11.12"]
[SourceQuality "1"]

1. e4 c6 2. d4 d5 3. e5 Bf5 4. h4 h6 5. g4 Bd7 6. Nc3 Qc8 7. Be2 e6 8. Be3 b6 9. h5 a6 10. f4 c5 11. Nf3 Nc6 12. Qd2 Nge7 13. dxc5 bxc5 14. Bxc5 Nxe5 15. Nxe5 Qxc5 16. Nxd7 Kxd7 17. 0-0-0 Rb8 18. Na4 Qb4 19. Qxb4 Rxb4 20. Nc5+ Kd6 21. Nd3 Rd4 22. c3 Re4 23. Kd2 g5 24. fxg5 hxg5 25. b3 f5 26. Bf3 Bg7 27. Bxe4 dxe4 28. Nb4 a5 29. Nc2 Nd5 30. gxf5 exf5 31. Ne3 Nxe3 32. Kxe3+ Ke6 33. c4 Bh6 34. Rd5 g4+ 35. Kd4 g3 36. Rf1 Bg7+ 37. Ke3 Bh6+ 38. Kd4 Bg7+ 39. Ke3 Be5 40. Rxa5 Rxh5 41. Ra6+ Kf7 42. c5 g2 43. Rg1 Rg5 44. Ra7+ Kg6 45. c6 Bh2 46. Kf2 Bxg1+ 47. Kxg1 f4 48. Ra8 Rc5 49. Kxg2 Rxc6 50. Ra5 Rc2+ 51. Kh3 e3 52. Kg4 Rf2 53. Re5 Kf6 54. Re4 e2 0-1

[Event "ESP-chT CECLUB Honor"]
[Site "Linares"]
[Date "2023.09.16"]
[Round "1.3"]
[White "Gonzalez de la Torre, Santiago"]
[Black "Vega Gutierrez, Sabrina Neide"]
[Result "0-1"]
[WhiteElo "2422"]
[BlackElo "2380"]
[PlyCount "76"]
[EventDate "2023.09.16"]
[EventType "team-tourn"]
[EventRounds "7"]
[EventCountry "ESP"]
[SourceTitle "EXT 2024"]
[Source "ChessBase"]
[SourceDate "2023.10.10"]
[SourceVersion "1"]
[SourceVersionDate "2023.10.10"]
[SourceQuality "1"]
[WhiteTeam "Taldea Gros Xake"]
[BlackTeam "Casablanca MyInvestor"]
[WhiteTeamCountry "ESP"]
[BlackTeamCountry "ESP"]

1. e4 c5 2. Nf3 e6 3. Nc3 a6 4. d4 cxd4 5. Nxd4 Nc6 6. Be3 Nf6 7. f4 Bb4 8. Bd3 e5 9. fxe5 Nxe5 10. 0-0 0-0 11. Bg5 Qb6 12. Nce2 Be7 13. Kh1 d5 14. exd5 Nxd5 15. Bxe7 Nxe7 16. Be4 Bg4 17. Qe1 f5 18. Qg3 Bxe2 19. Nxe2 fxe4 20. Qxe5 Ng6 21. Qxe4 Qxb2 22. Nd4 Rae8 23. Qd5+ Kh8 24. Rad1 Rxf1+ 25. Rxf1 Qb4 26. Ne6 Qe7 27. Ng5 h6 28. Nf7+ Kh7 29. h3 Rf8 30. Qf5 b5 31. Rf3 Re8 32. Kh2 Qe6 33. Qd3 Kg8 34. Nd8 Qe5+ 35. Rg3 Nf4 36. Qb3+ Kh7 37. Nc6 Qc7 38. Qf3 Ne2 0-1

[Event "Titled Tuesday intern op 29th Aug Late"]
[Site "Chess.com INT"]
[Date "2023.08.29"]
[Round "4"]
[White "Bernado Lopez, Roger"]
[Black "Vega Gutierrez, Sabrina Neide"]
[Result "0-1"]
[WhiteElo "2170"]
[BlackElo "2380"]
[PlyCount "72"]
[EventDate "2023.08.29"]
[EventType "swiss (blitz)"]
[EventRounds "11"]
[EventCountry "USA"]
[SourceTitle "EXT 2024"]
[Source "ChessBase"]
[SourceDate "2023.10.10"]
[SourceVersion "1"]
[SourceVersionDate "2023.10.10"]
[SourceQuality "1"]

1. e4 c5 2. Nf3 Nc6 3. d4 cxd4 4. Nxd4 Nf6 5. Nc3 e5 6. Ndb5 d6 7. Nd5 Nxd5 8. exd5 Nb8 9. c4 Be7 10. Bd3 a6 11. Nc3 0-0 12. 0-0 f5 13. f3 Nd7 14. a3 b6 15. Kh1 Kh8 16. b4 Bg5 17. Qc2 Bxc1 18. Raxc1 e4 19. fxe4 f4 20. e5 Nxe5 21. Bxh7 Qh4 22. Be4 Ng4 23. h3 Ne3 24. Qd2 Nxf1 25. Rxf1 Bd7 26. Ne2 Rae8 27. Qd3 Re5 28. Nd4 Rfe8 29. Nf3 Qh6 30. Nxe5 Rxe5 31. Qf3 g5 32. Bc2 Re3 33. Qf2 Bxh3 34. gxh3 Rxh3+ 35. Kg1 Rh1+ 36. Kg2 Qh3# 0-1

[Event "Titled Tuesday intern op 29th Aug Late"]
[Site "Chess.com INT"]
[Date "2023.08.29"]
[Round "2"]
[White "Curtis, John"]
[Black "Vega Gutierrez, Sabrina Neide"]
[Result "0-1"]
[WhiteElo "2292"]
[BlackElo "2380"]
[PlyCount "70"]
[EventDate "2023.08.29"]
[EventType "swiss (blitz)"]
[EventRounds "11"]
[EventCountry "USA"]
[SourceTitle "EXT 2024"]
[Source "ChessBase"]
[SourceDate "2023.10.10"]
[SourceVersion "1"]
[SourceVersionDate "2023.10.10"]
[SourceQuality "1"]

1. d4 d5 2. c4 e6 3. Nc3 c6 4. Nf3 dxc4 5. a4 Bb4 6. g3 b5 7. Bg2 Bb7 8. 0-0 a6 9. Bg5 f6 10. Bf4 Ne7 11. Na2 Bd6 12. Bxd6 Qxd6 13. b3 cxb3 14. Qxb3 Nd7 15. Rfd1 Nb6 16. Nc3 0-0 17. Bh3 f5 18. e4 Kh8 19. Ng5 Nc4 20. axb5 axb5 21. Rxa8 Bxa8 22. d5 exd5 23. exd5 h6 24. Ne6 Rb8 25. Nf4 Na5 26. Qb2 b4 27. Nb1 cxd5 28. Re1 Nac6 29. Re6 Qc5 30. Rxh6+ Kg8 31. Nh5 d4 32. Re6 Qd5 33. Nf4 Qf3 34. Nd2 Qd1+ 35. Bf1 Bb7 0-1

[Event "Titled Tuesday intern op 29th Aug Late"]
[Site "Chess.com INT"]
[Date "2023.08.29"]
[Round "5"]
[White "Ibadov, Dashgyn"]
[Black "Vega Gutierrez, Sabrina Neide"]
[Result "0-1"]
[WhiteElo "2360"]
[BlackElo "2380"]
[PlyCount "72"]
[EventDate "2023.08.29"]
[EventType "swiss (blitz)"]
[EventRounds "11"]
[EventCountry "USA"]
[SourceTitle "EXT 2024"]
[Source "ChessBase"]
[SourceDate "2023.10.10"]
[SourceVersion "1"]
[SourceVersionDate "2023.10.10"]
[SourceQuality "1"]

1. e4 c5 2. Nf3 Nc6 3. Bb5 Nf6 4. Nc3 g6 5. e5 Ng4 6. Bxc6 dxc6 7. h3 Nh6 8. g4 Bg7 9. d3 0-0 10. Qe2 b6 11. Bf4 f6 12. 0-0-0 Nxg4 13. hxg4 Bxg4 14. e6 b5 15. Rdg1 f5 16. Qe3 b4 17. Be5 Bxf3 18. Qxf3 Bxe5 19. Qh3 Bf4+ 20. Kb1 Kg7 21. Qxh7+ Kf6 22. Qxg6+ Ke5 23. Ne2 Rg8 24. Qh5 Rxg1+ 25. Rxg1 Qh8 26. Qf3 Qh4 27. Re1 Bd2 28. Rd1 Bg5 29. Qxc6 Rh8 30. Qxc5+ Kf6 31. Nd4 Qf4 32. b3 Rh2 33. Nc6 Rxf2 34. Qxe7+ Kg6 35. Qf7+ Kh6 36. Rh1+ Rh2 0-1

[Event "ESP-ch Rapid"]
[Site "Linares"]
[Date "2023.08.19"]
[Round "7"]
[White "Vega Gutierrez, Sabrina Neide"]
[Black "Ayats Llobera, Gerard"]
[Result "0-1"]
[WhiteElo "2380"]
[BlackElo "2471"]
[PlyCount "96"]
[EventDate "2023.08.19"]
[EventType "swiss (rapid)"]
[EventRounds "10"]
[EventCountry "ESP"]
[SourceTitle "CBM 215 Extra"]
[Source "ChessBase"]
[SourceDate "2023.09.30"]
[SourceVersion "1"]
[SourceVersionDate "2023.09.30"]
[SourceQuality "1"]

1. e4 c5 2. Nc3 Nc6 3. Nge2 e6 4. d4 cxd4 5. Nxd4 a6 6. Be2 d6 7. 0-0 Nf6 8. Be3 Be7 9. f4 0-0 10. Qe1 Nxd4 11. Bxd4 b5 12. a3 Bb7 13. Qg3 Qc7 14. Rae1 Rad8 15. Kh1 Rd7 16. Bf3 Ne8 17. Qf2 Bc6 18. Na2 Qc8 19. Nb4 Bb7 20. Nd3 Qc4 21. Rd1 Bf6 22. c3 Bxd4 23. cxd4 Rc7 24. Qe3 Qb3 25. Rc1 Rc4 26. e5 Bxf3 27. Rxf3 Qa4 28. Nb4 a5 29. Nc6 dxe5 30. fxe5 Nc7 31. b3 Qxb3 32. Ne7+ Kh8 33. Rxc4 Qxc4 34. Rh3 Qc2 35. Rf3 Qb1+ 36. Qg1 Qe4 37. h3 Nd5 38. Nxd5 Qxd5 39. Rc3 h6 40. Rc5 Qb3 41. Qf1 Qxa3 42. Qxb5 Qa1+ 43. Kh2 Qxd4 44. Qxa5 Qf4+ 45. Kh1 Rb8 46. Qa1 Qe4 47. Kh2 Rb1 48. Qc3 Qf4+ 0-1

[Event "ESP-ch Rapid"]
[Site "Linares"]
[Date "2023.08.19"]
[Round "10"]
[White "Vega Gutierrez, Sabrina Neide"]
[Black "Moreno Ruiz, Javier"]
[Result "1/2-1/2"]
[WhiteElo "2380"]
[BlackElo "2416"]
[PlyCount "103"]
[EventDate "2023.08.19"]
[EventType "swiss (rapid)"]
[EventRounds "10"]
[EventCountry "ESP"]
[SourceTitle "CBM 215 Extra"]
[Source "ChessBase"]
[SourceDate "2023.09.30"]
[SourceVersion "1"]
[SourceVersionDate "2023.09.30"]
[SourceQuality "1"]

1. e4 e6 2. Qe2 Nf6 3. Nf3 d5 4. d3 c5 5. g3 Nc6 6. Bg2 Be7 7. 0-0 b5 8. Re1 a5 9. a4 bxa4 10. Nc3 0-0 11. exd5 exd5 12. Nxa4 Re8 13. c3 h6 14. h3 Bd6 15. Qd1 Bf5 16. Rxe8+ Qxe8 17. Be3 Qe7 18. Nh4 Be6 19. Qd2 Rc8 20. Re1 d4 21. Bxh6 gxh6 22. Nf5 Qf8 23. Nxd6 Qxd6 24. Qxh6 Bf5 25. Nxc5 Ne4 26. Qxd6 Nxd6 27. g4 Bg6 28. f4 dxc3 29. bxc3 Na7 30. d4 Nab5 31. f5 Bh7 32. Ra1 Nxc3 33. Rxa5 Ne2+ 34. Kf2 Nxd4 35. Nd7 Kg7 36. Rd5 Rc2+ 37. Kf1 N6b5 38. Be4 Rc1+ 39. Kf2 f6 40. Nc5 Bg8 41. Rd7+ Bf7 42. Bd5 Rxc5 43. Bxf7 Kh6 44. h4 Rc2+ 45. Kf1 Rh2 46. g5+ fxg5 47. hxg5+ Kxg5 48. Bc4 Kxf5 49. Bxb5 Nxb5 50. Rd5+ Ke4 51. Rxb5 Kf3 52. Rb3+ 1/2-1/2

[Event "ESP-ch Rapid"]
[Site "Linares"]
[Date "2023.08.19"]
[Round "2"]
[White "Vega Gutierrez, Sabrina Neide"]
[Black "Vioque Gonzalez, Nicolas"]
[Result "1-0"]
[WhiteElo "2380"]
[BlackElo "2004"]
[PlyCount "117"]
[EventDate "2023.08.19"]
[EventType "swiss (rapid)"]
[EventRounds "10"]
[EventCountry "ESP"]
[SourceTitle "CBM 215 Extra"]
[Source "ChessBase"]
[SourceDate "2023.09.30"]
[SourceVersion "1"]
[SourceVersionDate "2023.09.30"]
[SourceQuality "1"]

1. e4 e5 2. Nf3 Nc6 3. Nc3 Nf6 4. g3 Bc5 5. Bg2 d6 6. d3 Be6 7. Na4 Bb6 8. 0-0 Qd7 9. Ng5 Bg4 10. Nxb6 axb6 11. f3 Be6 12. Nxe6 Qxe6 13. a3 0-0 14. f4 b5 15. c3 b4 16. f5 Qd7 17. Bg5 bxa3 18. b4 Ra7 19. Qb3 Rfa8 20. Ra2 Ne7 21. b5 Ra5 22. Rb1 h6 23. Bd2 c6 24. c4 R5a7 25. Be3 c5 26. h3 Kh7 27. Bf3 g6 28. g4 g5 29. Kf2 Nfg8 30. h4 f6 31. Qc3 Qd8 32. Qc1 Nc8 33. Kg3 b6 34. Qh1 Kg7 35. Qh3 Kf8 36. Bd1 Ke8 37. hxg5 fxg5 38. Qh5+ Kf8 39. Bc1 Qe8 40. Qh2 Qf7 41. Rb3 Kg7 42. Be3 Ra4 43. Qd2 Qb7 44. Bxg5 hxg5 45. Qxg5+ Kf8 46. Qd8+ Kg7 47. g5 Qf7 48. f6+ Nxf6 49. gxf6+ Qxf6 50. Qd7+ Qf7 51. Qxf7+ Kxf7 52. Rc3 R4a7 53. Bh5+ Kg7 54. Rc1 Ne7 55. Rg1 Kh7 56. Kf2 Rf8+ 57. Ke3 Raa8 58. Bf7 Ng8 59. Bxg8+ 1-0

[Event "Titled Tuesday intern op 01st Aug Late"]
[Site "Chess.com INT"]
[Date "2023.08.01"]
[Round "3"]
[White "Chemin, Justo Reinaldo"]
[Black "Vega Gutierrez, Sabrina Neide"]
[Result "0-1"]
[WhiteElo "2040"]
[BlackElo "2380"]
[PlyCount "58"]
[EventDate "2023.08.01"]
[EventType "swiss (blitz)"]
[EventRounds "11"]
[EventCountry "USA"]
[SourceTitle "EXT 2024"]
[Source "ChessBase"]
[SourceDate "2023.10.10"]
[SourceVersion "1"]
[SourceVersionDate "2023.10.10"]
[SourceQuality "1"]

1. e4 c5 2. Nf3 Nc6 3. d4 cxd4 4. Nxd4 Nf6 5. Nc3 e5 6. Nb3 Bb4 7. Bg5 h6 8. Bxf6 Qxf6 9. Qd3 d6 10. f3 0-0 11. 0-0-0 Be6 12. Nd5 Qg5+ 13. Kb1 a5 14. Nc7 Rac8 15. Nxe6 fxe6 16. a3 a4 17. axb4 axb3 18. c3 Qe7 19. Qxd6 Rfd8 20. Qxd8+ Rxd8 21. Rxd8+ Qxd8 22. Bc4 Kf7 23. Bxb3 Qd3+ 24. Ka2 Qa6+ 25. Kb1 Qe2 26. Rd1 Qxg2 27. Rd7+ Kf6 28. Rxb7 Qf1+ 29. Ka2 Qa6+ 0-1

[Event "Titled Tuesday intern op 01st Aug Late"]
[Site "Chess.com INT"]
[Date "2023.08.01"]
[Round "9"]
[White "Chor, Kevin"]
[Black "Vega Gutierrez, Sabrina Neide"]
[Result "0-1"]
[WhiteElo "1944"]
[BlackElo "2380"]
[PlyCount "98"]
[EventDate "2023.08.01"]
[EventType "swiss (blitz)"]
[EventRounds "11"]
[EventCountry "USA"]
[SourceTitle "EXT 2024"]
[Source "ChessBase"]
[SourceDate "2023.10.10"]
[SourceVersion "1"]
[SourceVersionDate "2023.10.10"]
[SourceQuality "1"]

1. e4 c5 2. Nf3 Nc6 3. d4 cxd4 4. Nxd4 Nf6 5. Nc3 e5 6. Ndb5 d6 7. Bg5 a6 8. Na3 b5 9. Nd5 Be7 10. Bxf6 Bxf6 11. c3 Ne7 12. Nxf6+ gxf6 13. g3 Bb7 14. Bg2 f5 15. Qe2 fxe4 16. Bxe4 d5 17. Bg2 Qc7 18. 0-0 0-0 19. Rfe1 Ng6 20. Nc2 e4 21. Nd4 Ne5 22. Qh5 f5 23. Ne6 Qf7 24. Qg5+ Kh8 25. Nxf8 Rxf8 26. Rad1 Ng6 27. h4 f4 28. h5 fxg3 29. fxg3 Qf2+ 30. Kh1 Rf5 31. Qg4 Ne5 32. Qh3 Bc8 33. Rf1 Qe2 34. Rxf5 Qxd1+ 35. Rf1 Qxf1+ 36. Bxf1 Bxh3 37. Bxh3 Nd3 38. Kg2 Nxb2 39. Be6 Na4 40. Bxd5 Nxc3 41. Bb7 a5 42. Kf2 b4 43. Ke3 Kg7 44. g4 h6 45. Kf4 Kf6 46. Ba6 Nxa2 47. Kxe4 Kg5 48. Kf3 Nc3 49. Bc4 a4 0-1